000 00904nam a2200265 i 4500
003 DO-SdBNP
005 20260210091807.0
007 ta
008 260210b1997 dr ||||| |||| 00| 0 spa d
040 _aDO-SdBNP
_bspa
_cBNPHU
_erda
041 _aspa
082 4 _axxx
_bxxx
_222
100 _aMena, Miguel D.,
_eautor
_4aut.
_929501
245 1 _aUna fiesta para no perderlo todo :
_bRené del Risco, lo dominicano, la modernidad /
_cMiguel D. Mena
264 1 _aSanto Domingo :
_bEdiciones en El Jardín de las Delicias,
_c1997.
300 _a180 páginas ;
_c22 cm.
336 _atexto
_btxt
_2rdacontent
337 _asin mediación
_bn
_2rdamedia
338 _avolumen
_bnc
_2rdacarrier
490 1 _aColección La Fiesta del Vientofrío
500 _aIncluye rreferencias bibliográficas y notas al pie de las páginas
590 _aInventariado, 2026/BT
910 _aBtavárez
942 _2ddc
_cLBS1
999 _c60278
_d60278